Loading...
| Fine Arts - Painting and Sculpture | 0 | 6 | 0 | 2 | 60 | 78 | 118.33 | 0 | 2 |
| History - European History | 0 | 5 | 0 | 2 | 50 | 68 | 116.60 | 0 | 1 |
| Religion | 0 | 4 | 0 | 1 | 40 | 77 | 97.50 | 1 | 1 |
| Fine Arts - Classical Music | 0 | 3 | 0 | 0 | 30 | 105 | 114.33 | 0 | 2 |
| History - American History | 0 | 3 | 0 | 1 | 30 | 79 | 96.67 | 0 | 2 |
| Science - Physics | 0 | 3 | 0 | 0 | 30 | 87 | 97.67 | 0 | 1 |
| Fine Arts - Other Fine Arts | 0 | 2 | 0 | 0 | 20 | 90 | 101.00 | 0 | 1 |
| Other Academic | 0 | 2 | 0 | 0 | 20 | 110 | 122.50 | 0 | 0 |
| History - Other History | 0 | 2 | 0 | 0 | 20 | 100 | 105.50 | 0 | 1 |
| Literature - British Literature | 0 | 1 | 0 | 0 | 10 | 48 | 48.00 | 0 | 1 |
| Literature - European Literature | 0 | 1 | 0 | 1 | 10 | 142 | 142.00 | 0 | 1 |
| Mythology | 0 | 1 | 0 | 0 | 10 | 98 | 98.00 | 0 | 0 |
| Philosophy | 0 | 1 | 0 | 0 | 10 | 88 | 88.00 | 0 | 0 |
| Science - Other Science | 0 | 1 | 0 | 0 | 10 | 17 | 17.00 | 1 | 1 |
| Geography | 0 | 1 | 0 | 0 | 10 | 98 | 98.00 | 0 | 0 |
| History - World History | 0 | 1 | 0 | 0 | 10 | 104 | 104.00 | 0 | 1 |
| Literature - American Literature | 0 | 1 | 0 | 0 | 10 | 103 | 103.00 | 0 | 0 |